00388 2200157 4500001002100000005001500021008004100036035001900077041000700096082000800103090001400111100001600125245002800141260003200169300002900201INLIS00000000000099220220725115936220725||||||||| | ||| |||| || |  0010-0722000992 aid0 a630 a630 Soe m0 aSOEWITO, DS00aMemanfaatkan Pekarangan aJakartabTitik Terangc1987 a71 p.;fig.,bibl.; 21 cm.